Atlantic crisis : American diplomacy confronts a resurgent Europe

محفوظ في:
التفاصيل البيبلوغرافية
المؤلف الرئيسي: Kleiman, Robert
التنسيق: كتاب
اللغة:Undetermined
منشور في: New York Norton 1964
الموضوعات:
الوسوم: إضافة وسم
لا توجد وسوم, كن أول من يضع وسما على هذه التسجيلة!
Thư viện lưu trữ: Trung tâm Học liệu Trường Đại học Cần Thơ
LEADER 00623nam a2200217Ia 4500
001 CTU_88633
008 210402s9999 xx 000 0 und d
082 |a 327.7304 
082 |b K63 
100 |a Kleiman, Robert 
245 0 |a Atlantic crisis : 
245 0 |b American diplomacy confronts a resurgent Europe 
245 0 |c Robert Kleiman 
260 |a New York 
260 |b Norton 
260 |c 1964 
650 |a United States,North Atlantic Region 
650 |x Foreign relations,Politics and government 
650 |z Europe 
904 |i Nguyên,Hải 
980 |a Trung tâm Học liệu Trường Đại học Cần Thơ